Calculus : Practice Problems, Methods, and Solutions /

Contiene: 1) Problemas: aplicación de integraciones; 2) Solución a problemas: aplicación de integraciones; 3) Problemas: aplicaciones de series y secuencias; 4) Solución a problemas: aplicaciones de series y secuencias; 5) Problemas: Sistema de coordenadas polares; 6) Solución a problemas: Sistema d...

Descripción completa

Guardado en:
Detalles Bibliográficos
Autor principal: Rahmani-Andebili, Mehdi (autor)
Formato: Libro
Idioma:Inglés
Publicado: Cham, Suiza : Springer, 2024, c2024
Temas:
Acceso en línea:Ver documento en línea
Etiquetas: Agrega una etiqueta
Sin etiquetas, Sé el primero en etiquetar este registro!

MARC

LEADER 00000nam^a2200000^a^4500
001 000630700
005 20260415000000.0
009 20260415195730.486
020 |a 978-3-031-45353-3 
037 |a Acervo ITESO - Biblioteca 
041 |a ING 
082 |a 515.  |b RAH V. 2 
100 |a Rahmani-Andebili, Mehdi  |e (autor) 
245 1 0 |a Calculus :  |b Practice Problems, Methods, and Solutions /  |c M. Rahmani-Andebili. 
264 4 |a Cham, Suiza :  |b Springer,  |c 2024, c2024 
264 2 |a Cham, Suiza :  |b Springer Link [distribución],  |c 2026, c2026 
300 |a 1 libro electrónico en línea (IX, 108 p.) 
300 |a 1 recurso en línea 
336 |a datos para computadora  |b cod  |2 rdacontenido 
337 |a computadora  |b c  |2 rdamedio 
338 |a recurso en línea  |b cr  |2 rdasoporte 
506 0 |a Licencias ilimitadas 
520 |a Contiene: 1) Problemas: aplicación de integraciones; 2) Solución a problemas: aplicación de integraciones; 3) Problemas: aplicaciones de series y secuencias; 4) Solución a problemas: aplicaciones de series y secuencias; 5) Problemas: Sistema de coordenadas polares; 6) Solución a problemas: Sistema de coordenadas polares; 7) Problemas: números complejos; 8) Solución a problemas: números complejos. 
521 |a 2025 BO Licenciatura en Ingeniería en Nanotecnología 
649 |a XX 
650 |a Cálculo Integral 
650 |a Cálculo -  |x Problemas, Ejercicios, etc. -  |x Tema Principal 
650 |a Análisis Matemático 
650 |a Matemáticas 
856 4 0 |u https://link-springer-com.ezproxy.iteso.mx/10.1007/978-3-031- 45353-3  |y Ver documento en línea 
910 |a Fondo General 
920 |a Electrónicos - Libros en Línea 
930 |a Plataforma Digital 
905 |a 205 
902 |a https://opac.biblio.iteso.mx/vufind/Record/000630700